La experiencia del liderazgo (Registro nro. 2226)

Detalles MARC
000 -Cabecera
Campo de control de longitud fija 01433aam a2200445 4500
005 - Fecha y hora de la última transacción
Campo de control 20250731102230.0
008 - Elementos de longitud fija--Información general
Campo de control de longitud fija 150522b2006 xxu||||| |||| 00| 0 spa d
020 ## - International Standard Book Number
Número Internacional Estándar del Libro (ISBN) 9706865454
041 ## - Idioma
Código de idioma Español
082 ## - Clasificación Decimal Dewey
Número de clasificación 658.409.2 D124e3
100 ## - Entrada principal--Autor personal
Nombre personal Daft, Richard
9 (RLIN) 14748
245 ## - Título propiamente dicho
Título La experiencia del liderazgo
260 ## - Pie de imprenta
Lugar de publicación, distribución, etc. México
260 ## - Pie de imprenta
Nombre del editor, distribuidor, etc. Cengage Learning
260 ## - Pie de imprenta
Fecha de publicación, distribución, etc. 2006
300 ## - Descripción física
Extensión 700 páginas
490 ## - Serie
Título de la Serie Ditección y Administración de Empresas
505 ## - Nota de contenido
Nota de contenido Parte I. Introducción al liderazgo<br/>Parte II. Perspectivas de las investigaciones sobre el liderazgo<br/>Parte III. El lado personal del liderazgo<br/>Parte IV. El líder como creador de relaciones<br/>Parte V. El líder como arquitecto social
650 ## - Materia general
Temática (materia general) LIDERAZGO EJECUTIVO
650 ## - Materia general
Temática (materia general) LÍDER
650 ## - Materia general
Temática (materia general) TEORÍAS DEL LIDERAZGO
650 ## - Materia general
Temática (materia general) TEORÍA DE RASGOS
650 ## - Materia general
Temática (materia general) TEORÍAS DEL COMPORTAMIENTO
650 ## - Materia general
Temática (materia general) LIDERAZGO INDIVIDUALISMO
650 ## - Materia general
Temática (materia general) COMPETENCIAS
650 ## - Materia general
Temática (materia general) SEGUIDORES
650 ## - Materia general
Temática (materia general) MOTIVACIÓN
650 ## - Materia general
Temática (materia general) CIENCIA DEL LIDERAZGO
650 ## - Materia general
Temática (materia general) EQUIPOS DE TRABAJO
650 ## - Materia general
Temática (materia general) MANEJO DE CONFLICTOS
650 ## - Materia general
Temática (materia general) COMUNICACIÓN
650 ## - Materia general
Temática (materia general) FUENTES DEL PODER DEL LIDER
650 ## - Materia general
Temática (materia general) LIDERAZGO AUTOCRÁTICO
650 ## - Materia general
Temática (materia general) VISIÓN DEL LIDERAZGO
650 ## - Materia general
Temática (materia general) CULTURA
650 ## - Materia general
Temática (materia general) VALORES
650 ## - Materia general
Temática (materia general) LIDERAZGO PARA LA DIVERSIDAD
650 ## - Materia general
Temática (materia general) DIRECCIÓN ESTRATÉGICA
942 ## - Punto de acceso adicional KOHA
Tipo de ítem KOHA Libro
Fuente del sistema de clasificación o colocación Dewey Decimal Classification
Existencias
Signatura completa Código de barras Programa Académico Tipo de ítem
658.409.2 D124e3 14860 Dirección y Administración de Empresas Libro